Odložení účinnosti nové rozpočtové skladby organizací vládního sektoru

Predpoklad k vydaniu vyhlášky, ktorá bude obsahovať princípy novej rozpočtovej skladby.

Gespeichert in:
Bibliographische Detailangaben
1. Verfasser: Lehkoživ, J.
Format: Buchkapitel
Sprache:Tschechisch
Schlagworte:
Tags: Tag hinzufügen
Keine Tags, Fügen Sie das erste Tag hinzu!

MARC

LEADER 00000naa a2200000 4500
001 r017844
005 20221208131523.7
041 0 |a cze 
044 |a CZ 
245 1 0 |a Odložení účinnosti nové rozpočtové skladby organizací vládního sektoru  |c J. Lehkoživ 
520 |a Predpoklad k vydaniu vyhlášky, ktorá bude obsahovať princípy novej rozpočtovej skladby. 
610 2 0 |a rozpočet štátny 
610 2 0 |a vláda 
610 2 0 |a vyhlášky 
100 1 |a Lehkoživ, J.